<?xml version="1.0" encoding="UTF-8"?>
<record
    xmlns:xsi="http://www.w3.org/2001/XMLSchema-instance"
    xsi:schemaLocation="http://www.loc.gov/MARC21/slim http://www.loc.gov/standards/marcxml/schema/MARC21slim.xsd"
    xmlns="http://www.loc.gov/MARC21/slim">

  <leader>04220nam a22003617a 4500</leader>
  <controlfield tag="003">OSt</controlfield>
  <controlfield tag="005">20250703122139.0</controlfield>
  <controlfield tag="007">cr ||||||a|c|a</controlfield>
  <controlfield tag="008">240903s2023    mx ad||fom||| 001 0 spa d</controlfield>
  <datafield tag="040" ind1=" " ind2=" ">
    <subfield code="e">rda</subfield>
  </datafield>
  <datafield tag="100" ind1="1" ind2=" ">
    <subfield code="a">Leandro Marmolejo, Janet</subfield>
    <subfield code="9">189537</subfield>
  </datafield>
  <datafield tag="245" ind1="1" ind2=" ">
    <subfield code="a">Evaluaci&#xF3;n etol&#xF3;gica en dos tipos de ambiente y su respuesta productiva en pavos doble pechuga ( Meleagris gallopavo Linn ) /</subfield>
    <subfield code="c">por Janet Leandro Marmolejo; presidente Elvia L&#xF3;pez P&#xE9;rez; secretario Baldomero Alarcon Z&#xFA;&#xF1;iga; vocal Carlos Guillermo German Alarc&#xF3;n; suplente Constantino Romero M&#xE1;rquez; suplente Jorge Luis Castrell&#xF3;n Montelongo</subfield>
  </datafield>
  <datafield tag="264" ind1=" " ind2="1">
    <subfield code="a">Chapingo, M&#xE9;xico :</subfield>
    <subfield code="b">El autor,</subfield>
    <subfield code="c">2023.</subfield>
  </datafield>
  <datafield tag="300" ind1=" " ind2=" ">
    <subfield code="a">1 recurso en l&#xED;nea (137 p&#xE1;ginas):</subfield>
    <subfield code="b">Ilustraci&#xF3;n, cuadros, gr&#xE1;ficas</subfield>
  </datafield>
  <datafield tag="336" ind1=" " ind2=" ">
    <subfield code="2">rdacontent</subfield>
    <subfield code="a">texto</subfield>
    <subfield code="b">txt</subfield>
  </datafield>
  <datafield tag="337" ind1=" " ind2=" ">
    <subfield code="2">rdamedia</subfield>
    <subfield code="a">computadora</subfield>
    <subfield code="b">c</subfield>
  </datafield>
  <datafield tag="338" ind1=" " ind2=" ">
    <subfield code="2">rdacarrier</subfield>
    <subfield code="a">recurso en l&#xED;nea</subfield>
    <subfield code="b">cr</subfield>
  </datafield>
  <datafield tag="502" ind1=" " ind2=" ">
    <subfield code="b">IAEZ</subfield>
    <subfield code="c">Zootecn&#xED;a</subfield>
    <subfield code="d">2023</subfield>
    <subfield code="g">LIC</subfield>
  </datafield>
  <datafield tag="504" ind1=" " ind2=" ">
    <subfield code="a">Incluye referencias bibliogr&#xE1;ficas: p&#xE1;ginas119-122</subfield>
  </datafield>
  <datafield tag="505" ind1=" " ind2=" ">
    <subfield code="a">Contiene anexos de la p&#xE1;gina 123-136</subfield>
  </datafield>
  <datafield tag="520" ind1=" " ind2=" ">
    <subfield code="a">Con el objetivo de evaluar el comportamiento de pavos doble pechuga (Meleagris gallopavo, Linn) bajo dos tipos de ambiente (m&#xF3;dulos pintados de color gris y color blanco) en la respuesta productiva en ambos sexos, el presente trabajo de investigaci&#xF3;n se llev&#xF3; a cabo en las instalaciones del m&#xF3;dulo de guajolotes nativos de la Granja Experimental del Departamento de Zootecnia de la Universidad Aut&#xF3;noma Chapingo en Texcoco de Mora, Estado de M&#xE9;xico. El experimento se dividi&#xF3; en dos grupos aleatorizados por color de m&#xF3;dulo (gris vs blanco) considerando el sexo de los animales (machos vs hembras), y estimando diferencias de medias con la prueba de Tukey al 95% de confianza (&#x3B1;=0.05). Se utilizaron 24 pavos doble pechuga, de los cuales 9 eran hembras y 15 eran machos, con una edad de 7 semanas al momento de iniciar la evaluaci&#xF3;n. Se proporcion&#xF3; alimento comercial y agua a libre acceso. La evaluaci&#xF3;n de las hembras solo duro seis semanas debido a la demanda en el mercado, en comparaci&#xF3;n de los machos cuya evaluaci&#xF3;n duro diez semanas para un mercado distinto al de las hembras. Para las hembras de los m&#xF3;dulos grises, los valores presentados son de 7.71 kg de peso vivo final, 4.73 kg de ganancia de peso total, 12.65 kg de consumo de alimento, 2.49 en conversi&#xF3;n alimenticia, 5.0 en calidad de pluma, 5.9 en movimiento al caminar y 4.49 de comportamiento social; mientras que para las hembras de los m&#xF3;dulos blancos presentaron 7.70 kg de peso vivo final, 4.55 kg de GDP total, 2.61 en CA, 12.33 kg de consumo de alimento, 4.95 en calidad de pluma, 5.88 en movimiento al caminar y 4.0 de comportamiento social. En cambio, para los machos de los m&#xF3;dulos grises presentaron 16.50 kg de peso vivo final, 12.81 kg de ganancia de peso total, 41.32 kg de consumo de alimento, 3.43 de conversi&#xF3;n alimenticia, 4.93 en calidad de pluma, 5.92 en movimiento al caminar y 3.94 de comportamiento social; y para los machos de los m&#xF3;dulos blancos se obtuvieron 15.68 kg de peso vivo final, 12.14 kg de ganancia de peso total, 34.14 kg de consumo de alimento, 3.95 de conversi&#xF3;n alimenticia, 4.71 en calidad de pluma, 5.83 en movimiento al caminar y 3.38 de comportamiento social. Se concluye que, el comportamiento anterior fue resultado del est&#xED;mulo en el sistema Hipot&#xE1;lamo &#x2013; Hipofisiario sobre la intensidad de luz recibida a trav&#xE9;s del color de los m&#xF3;dulos (intensidad de luz baja por colores oscuros como el gris tienden a mejorar los par&#xE1;metros productivos en los pavos).</subfield>
  </datafield>
  <datafield tag="650" ind1=" " ind2="4">
    <subfield code="a">Pavos</subfield>
    <subfield code="x">H&#xE1;bitos y conducta</subfield>
    <subfield code="9">86308</subfield>
  </datafield>
  <datafield tag="650" ind1=" " ind2="4">
    <subfield code="a">Pavos</subfield>
    <subfield code="x">Alimentaci&#xF3;n</subfield>
    <subfield code="9">86301</subfield>
  </datafield>
  <datafield tag="650" ind1=" " ind2="4">
    <subfield code="a">Pavos</subfield>
    <subfield code="x">Engorda</subfield>
    <subfield code="9">86306</subfield>
  </datafield>
  <datafield tag="650" ind1=" " ind2="7">
    <subfield code="a">Pavos</subfield>
    <subfield code="x">Crecimiento</subfield>
    <subfield code="9">86303</subfield>
  </datafield>
  <datafield tag="700" ind1="1" ind2=" ">
    <subfield code="a">L&#xF3;pez P&#xE9;rez, Elvia</subfield>
    <subfield code="9">68223</subfield>
    <subfield code="e">presidente</subfield>
  </datafield>
  <datafield tag="700" ind1="1" ind2=" ">
    <subfield code="a">Alarc&#xF3;n Z&#xFA;&#xF1;iga, Baldomero</subfield>
    <subfield code="9">3378</subfield>
    <subfield code="e">secretario</subfield>
  </datafield>
  <datafield tag="700" ind1="1" ind2=" ">
    <subfield code="a">Germ&#xE1;n Alarc&#xF3;n, Carlos Guillermo</subfield>
    <subfield code="9">140782</subfield>
    <subfield code="e">vocal</subfield>
  </datafield>
  <datafield tag="700" ind1="1" ind2=" ">
    <subfield code="a">Romero M&#xE1;rquez, Constantino</subfield>
    <subfield code="9">99621</subfield>
    <subfield code="e">suplente</subfield>
  </datafield>
  <datafield tag="700" ind1="0" ind2=" ">
    <subfield code="a">Castrell&#xF3;n Montelongo, Jorge Luis</subfield>
    <subfield code="e">suplente</subfield>
    <subfield code="9">20309</subfield>
  </datafield>
  <datafield tag="856" ind1=" " ind2=" ">
    <subfield code="u">http://10.13.5.2/tesis/tl/1711346-4_LEANDRO_MARMOLEJO_JANET.pdf</subfield>
    <subfield code="z">DESCARGAR PDF</subfield>
  </datafield>
  <datafield tag="942" ind1=" " ind2=" ">
    <subfield code="2">Clasificaci&#xF3;n Universidad Aut&#xF3;noma Chapingo</subfield>
    <subfield code="c">TD</subfield>
  </datafield>
  <datafield tag="999" ind1=" " ind2=" ">
    <subfield code="c">220135</subfield>
    <subfield code="d">220135</subfield>
  </datafield>
  <datafield tag="952" ind1=" " ind2=" ">
    <subfield code="0">0</subfield>
    <subfield code="1">0</subfield>
    <subfield code="2">local</subfield>
    <subfield code="4">0</subfield>
    <subfield code="5">1</subfield>
    <subfield code="7">0</subfield>
    <subfield code="8">TesDigL</subfield>
    <subfield code="a">BD</subfield>
    <subfield code="b">BD</subfield>
    <subfield code="c">E_L</subfield>
    <subfield code="d">2024-09-03</subfield>
    <subfield code="l">0</subfield>
    <subfield code="o">Tesis digital</subfield>
    <subfield code="r">2024-09-03 14:36:39</subfield>
    <subfield code="w">2024-09-03</subfield>
    <subfield code="y">TD</subfield>
  </datafield>
</record>
